| 000 | 00480nam a2200157 i 4500 | ||
|---|---|---|---|
| 001 | 58882 | ||
| 003 | ES-MaACL | ||
| 005 | 20230906163918.0 | ||
| 007 | t| | ||
| 008 | 031024s1967 ve ||||1| spa d | ||
| 245 | 0 | 0 |
_aEcología marina / _cJosefina Castellví ... [et al.]. |
| 260 |
_aCaracas : _bFundación La Salle de Ciencias Naturales, _c1967. |
||
| 300 |
_aXII, 711 p., 8 lám. : _bil. ; _c25 cm. |
||
| 700 | 1 |
_aCastellví, J. _9150333 |
|
| 852 |
_aES-MaACL _jC-33954 _bR.64702 |
||
| 999 |
_c58882 _d58882 |
||